00993nam a22001097a 4500008004100000100002900041245003800070260004300108300004800151520064100199773004300840260623b ||||| |||| 00| 0 eng d aSheikh, Gulammohammaed  aAmong several cultures and times  aIndia International Center Quarterly  a52 (3&4), Winter 2025- Summer 2026: p.45-69 aLiving in India means living simultaneously in several cultures and times. One often walks into medieval situations and runs into primitive people. The past exists as a living entity alongside the present, each illuminating and sustaining the other. As times and cultures converge, the citadels of prism explode. Traditional and moderns, private and public continually telescope and reunite. The kaleidoscopic flux of images engages me to construe structures in the process of being created. Like the many eyed and many armed archetype of an Indian child. Scolded with multiple visions, I draw my energy from the source. – Reproduced  aIndia International Center Quarterly